000 00303nam a22001337a 4500
008 170202b xxu||||| |||| 00| 0 eng d
020 _a9780838579633
041 _aeng
080 _a61
100 _a3
101 _aSHM
245 _aTHE PRICIPLESAND PRACTICEOF MEDICINE
_cHELLMAN.ST
942 _2udc
_cBK
999 _c4334
_d4334